| 000 | 00335nam a2200121Ia 4500 | ||
|---|---|---|---|
| 008 | 150201s2003 xx 000 0 und d | ||
| 082 |
_a616.84 _bO03W |
||
| 100 | _aWHO | ||
| 245 | _aORG.DEV. QUALITY ASSURANCE& REHABITATION PROTECTION | ||
| 260 |
_bAITBS _aDELHI _c2003 |
||
| 650 | _aOTHER CLINICAL & NON CLINICAL BOOKS | ||
| 942 |
_2ddc _cBK _02 |
||
| 999 |
_c763 _d763 |
||